000 00878nam a2200289 a 4500
008
020 _a0030984645 (hbk.)
049 _aMAIN
090 _aHF5415.13
_bENG
100 1 _aEngel, James F.
245 1 0 _aConsumer behavior /
_cJames F. Engel, Paul W. Miniard and Roger D. Blackwell.
250 _a8th ed.
260 _aFort Worth :
_bDryden Press,
_c1995.
300 _axxii, 951 [41] p. :
_bill. ;
_c24 cm.
440 4 _aThe Dryden Press series in marketing.
504 _aIncludes bibliographical references.
500 _aIncludes index.
650 0 _aConsumer behavior.
650 0 _aMarketing research.
700 _aMiniard, PauL W.
700 1 _aBlackwell, Roger D.
907 _a.b1029708x
_b15-12-11
_c24-05-11
003
005 20230123125352.0
040 _cNUST
942 _cBOOKS
_kHF5415.13
_mENG
999 _c140326
_d140326